Detalles MARC
| 000 -LEADER |
| fixed length control field |
03279nam a2200385Ii 4500 |
| 001 - CONTROL NUMBER |
| control field |
DIGCAL0604 |
| 003 - CONTROL NUMBER IDENTIFIER |
| control field |
NyNyDIG |
| 006 - FIXED-LENGTH DATA ELEMENTS--ADDITIONAL MATERIAL CHARACTERISTICS |
| fixed length control field |
m o d |
| 007 - PHYSICAL DESCRIPTION FIXED FIELD--GENERAL INFORMATION |
| fixed length control field |
cr ||||||||||| |
| 008 - FIXED-LENGTH DATA ELEMENTS--GENERAL INFORMATION |
| fixed length control field |
121201s1999 sp o 000 0 spa d |
| 020 ## - INTERNATIONAL STANDARD BOOK NUMBER |
| Canceled/invalid ISBN |
8488015569 |
| 020 ## - INTERNATIONAL STANDARD BOOK NUMBER |
| Canceled/invalid ISBN |
9788488015563 |
| 035 ## - SYSTEM CONTROL NUMBER |
| System control number |
(OCoLC)656268616 |
| 040 ## - CATALOGING SOURCE |
| Original cataloging agency |
DGITA |
| Language of cataloging |
eng |
| Description conventions |
pn |
| Transcribing agency |
DGITA |
| 050 14 - LIBRARY OF CONGRESS CALL NUMBER |
| Classification number |
PQ6171 eBook |
| 100 1# - MAIN ENTRY--PERSONAL NAME |
| Personal name |
Pérez Estrada, Rafael, |
| Dates associated with a name |
1934-2000. |
| 245 13 - TITLE STATEMENT |
| Title |
El levitador y su vértigo / |
| Statement of responsibility, etc. |
Rafael Pérez Estrada... [et al.]. |
| 264 #1 - PRODUCTION, PUBLICATION, DISTRIBUTION, MANUFACTURE, AND COPYRIGHT NOTICE |
| Place of production, publication, distribution, manufacture |
Madrid : |
| Name of producer, publisher, distributor, manufacturer |
Calambur Editorial, |
| Date of production, publication, distribution, manufacture, or copyright notice |
1999. |
| 300 ## - PHYSICAL DESCRIPTION |
| Extent |
1 online resource (302 pages) |
| 336 ## - CONTENT TYPE |
| Content type term |
text |
| Content type code |
txt |
| Source |
rdacontent |
| 337 ## - MEDIA TYPE |
| Media type term |
computer |
| Media type code |
c |
| Source |
rdamedia |
| 338 ## - CARRIER TYPE |
| Carrier type term |
online resource |
| Carrier type code |
cr |
| Source |
rdacarrier |
| 490 1# - SERIES STATEMENT |
| Series statement |
Colección Los solitarios y sus amigos ; |
| Volume/sequential designation |
4. |
| 505 0# - FORMATTED CONTENTS NOTE |
| Formatted contents note |
Páginas Inéditas: El levitador y su vértigo -- La memoria me está dando una tarde imposible -- Llamadas de media noche -- Imágenes para una poética -- 2. Perfil: Carta de Jorge Guillén a Bernabé Fernández Canivell, -- Carta a Rafael Pérez Estrada / Carlos Edmundo de Ory -- Verdad y fábula / Pablo García Baena -- Ecografía a R.P.E. / Fernando Quiñones -- El mundo Estrada / Vicente Molina Foix -- El gran transgresor / Ana María Moix -- Un mago que se llama Rafael / Antonio Soler -- 3. Entrevista: Conversación con Rafael Pérez Estrada / Jesús Aguado -- 4. Estudios Generales: La sombra del obelisco / Manuel Alvar -- Geografía de lo fantástico, geometría de la imaginación / Antonio García Berrio -- Rafael Pérez Estrada, un heterodoxo / José Infante -- El sueño de la razón -- (La obra de Pérez Estrada entre el Libro de Horas y La sombra del Obelisco) / Francisco Ruiz Noguera -- El triunfo del architexto / Juan Antonio G. Iglesias -- Otras Conspiraciones: Conspiraciones y conjuras / Rafael Ballesteros -- Fetario de homínidos celestes / Guillermo Carnero -- Cobalto. Sur. Cobalto / Teresa Hernández -- Dulciamargo y clarooscuro / Luis Antonio de Villena -- Claves para el escritor malagueño Rafael Pérez Estrada / Pedro Tedde de Lorca -- Los mecanismos de la fantasía en Rafael Pérez Estrada / Antonio Garrido Moraga -- Acusación y absolución de Rafael Pérez Estrada / Chantal Maillard -- Nacen de la imaginación, mueren de deseo / Juan Cobos Wilkins -- Palabras civiles... / Guadalupe Grande y Juan Carlos Mestre -- Vanguardia e imaginación en Rafael Pérez Estrada / José Ángel Cilleruelo -- Ulises: Penúltimas escalas / Aurora Luque -- La pasión de lo breve / Ángel Rodríguez Abad -- 6. Dibujos: Sobre los dibujos de RPE o El dibujo como caligrafía salvaje / José María Parreño -- Décimas undécimas / Mario Hernández -- Diez dibujos / Rafael Pérez Estrada -- 7. Noticia Bibliográfica. |
| 504 ## - BIBLIOGRAPHY, ETC. NOTE |
| Bibliography, etc. note |
Includes bibliographical references (p. 281-284). |
| 600 10 - SUBJECT ADDED ENTRY--PERSONAL NAME |
| Personal name |
Pérez Estrada, Rafael, |
| Dates associated with a name |
1934-2000. |
| 650 #0 - SUBJECT ADDED ENTRY--TOPICAL TERM |
| Topical term or geographic name entry element |
Spanish literature |
| Chronological subdivision |
20th century. |
| 655 #0 - INDEX TERM--GENRE/FORM |
| Genre/form data or focus term |
Electronic books. |
| 791 2# - |
| -- |
Digitalia (Firm), |
| -- |
distributor. |
| 793 0# - |
| -- |
Digitalia eBook Collection: |
| -- |
Calambur Editorial. |
| 830 #0 - SERIES ADDED ENTRY--UNIFORM TITLE |
| Uniform title |
Solitarios y sus amigos ; |
| Volume/sequential designation |
4. |
| 856 40 - ELECTRONIC LOCATION AND ACCESS |
| Materials specified |
Digitalia Hispánica |
| Uniform Resource Identifier |
<a href="https://www.digitaliapublishing.com/a/894/">https://www.digitaliapublishing.com/a/894/</a> |
| 910 ## - USER-OPTION DATA (OCLC) |
| User-option data |
Premium Collection: 2007-2012 |
| 942 ## - ADDED ENTRY ELEMENTS (KOHA) |
| Koha item type |
Recurso Electrónico |